La apicultura en los Montes de Toledo (Record no. 168663)
[ view plain ]
| 000 -LEADER | |
|---|---|
| campo de control de longitud fija | 00920nam a22002175i 4500 |
| 001 - NÚMERO DE CONTROL | |
| campo de control | 168663 |
| 003 - IDENTIFICADOR DE NÚMERO DE CONTROL | |
| campo de control | ES-MaACL |
| 005 - FECHA Y HORA DE LA ÚLTIMA TRANSACCIÓN | |
| campo de control | 20230906213840.0 |
| 008 - DATOS DE LONGITUD FIJA--INFORMACIÓN GENERAL | |
| campo de control de longitud fija | 080430s2005 sp |||| | spa d |
| 020 ## - NÚMERO INTERNACIONAL ESTÁNDAR DEL LIBRO | |
| Número Internacional Estándar del Libro | 84-609-3575-2 |
| 080 ## - NÚMERO DE LA CLASIFICACIÓN DECIMAL UNIVERSAL | |
| Número de la Clasificación Decimal Universal | 351.744(460:234 Toledo)(091) |
| 080 ## - NÚMERO DE LA CLASIFICACIÓN DECIMAL UNIVERSAL | |
| Número de la Clasificación Decimal Universal | 338.43(460:234 Toledo):638.1(091) |
| 100 1# - ENTRADA PRINCIPAL--NOMBRE DE PERSONA | |
| Nombre de persona | Gómez Vozmediano, Miguel Fernando. |
| 9 (RLIN) | 137737 |
| 245 13 - MENCIÓN DEL TÍTULO | |
| Título | La apicultura en los Montes de Toledo |
| Resto del título | : cultura y tradición / |
| Mención de responsabilidad, etc. | Miguel Fernando Gómez Vozmediano, Ramón Sánchez González. |
| 260 ## - PUBLICACIÓN, DISTRIBUCIÓN, ETC. | |
| Lugar de publicación, distribución, etc. | [Toledo] : |
| Nombre del editor, distribuidor, etc. | Asociación para el Desarrollo Integrado del Territorio Montes de Toledo, |
| Fecha de publicación, distribución, etc. | [2005] |
| 300 ## - DESCRIPCIÓN FÍSICA | |
| Extensión | 558 p. : |
| Otras características físicas | il. ; |
| Dimensiones | 24 cm. |
| 610 14 - PUNTO DE ACCESO ADICIONAL DE MATERIA--NOMBRE DE ENTIDAD CORPORATIVA | |
| Nombre de entidad corporativa o nombre de jurisdicción como elemento de entrada | Hermandad Vieja de Toledo, Talavera y Villarreal- |
| Subdivisión general | Historia. |
| 9 (RLIN) | 137738 |
| 650 14 - PUNTO DE ACCESO ADICIONAL DE MATERIA--TÉRMINO DE MATERIA | |
| Término de materia o nombre geográfico como elemento de entrada | Apicultura- |
| Subdivisión geográfica | Montes de Toledo (España)- |
| Subdivisión de forma | Historia. |
| 9 (RLIN) | 137739 |
| 700 1# - ENTRADA AGREGADA--NOMBRE PERSONAL | |
| Nombre de persona | Sánchez González, Ramón. |
| 9 (RLIN) | 137740 |
| 852 ## - LOCALIZACIÓN | |
| Ubicación | ES-MaACL |
| Número de control de estantería | L-29406 |
| itemnumber | R.142768 |
| Estatus retirado | Estado de pérdida | Estado de daño | No para préstamo | Biblioteca de origen | Biblioteca actual | Ubicación en estantería | Fecha de adquisición | Fuente de adquisición | Total de préstamos | Signatura topográfica completa | Código de barras | Visto por última vez | Precio de reemplazo | Tipo de ítem Koha |
|---|---|---|---|---|---|---|---|---|---|---|---|---|---|---|
| Biblioteca del Ateneo de Madrid | Biblioteca del Ateneo de Madrid | Depósito 2 | 30/04/2008 | L-29406 | 1176998 | 23/02/2023 | 23/02/2023 | Libro impreso |
